| 000 | 00507cam a22001697a 4500 | ||
|---|---|---|---|
| 001 | 001591 | ||
| 003 | armpunfd | ||
| 005 | 20140612090645.0 | ||
| 008 | 050208e0####xx#a##########000#0#und#d | ||
| 040 |
_aarmpunfd _carmpunfd |
||
| 080 | _a342.4 D 391 | ||
| 245 | 1 | 0 | _aAportes para la reforma de la constitucion de la provincia de buenos aires |
| 260 |
_aยบ Congreso Bonaerense De Derecho Publico Provincial _b1984. |
||
| 942 |
_cLB _2cdu |
||
| 945 |
_aCatalis _d2010-08-19 |
||
| 945 |
_aCatalis _d2010-08-19 |
||
| 999 |
_c1582 _d232086 |
||